000 02207cam a22005054i 4500
003 PE-LiUPU
005 20250731173332.0
008 150625s r 000 0 d
020 _a9780830825059
035 _a(Sirsi) i9780830825059
040 _aPE-LiUPU
_bspa
_cPE-LiUPU
_erda
049 _aPRUA
082 0 4 _a220.05
_bAOTC
_221
100 1 _aMcConville, J. G.,
_eautor.
245 1 0 _aDeuteronomy /
_cJ. G. McConville.
264 1 _aIllinois :
_bIVP Academic,
_c2002.
300 _a544 páginas :
_b544 páginas ;
_c25 centímetros
336 _atext
_2rdacontent
337 _aunmediated
_2rdamedia
338 _avolume
_2rdacarrier
490 0 _aApollos Old Testament commentary
504 _aIncluye bibliografía.
505 0 _aThe name of the book. -Its place in the canon. -The distinctive features of Deuteronomy. -The critical interpretation of Deuteronomy. -A fresh approach to Deuteronomy. -The composition of Deuteronomy. - The composition of Deuteronomy. -The reading of Deuteronomy. -The form and aims of this commentary.
526 _aSEG42
526 _aSEG41
526 _aSEG40
526 _aSEG39
526 _aP94
526 _aP87
526 _aP86
526 _aP85
526 _aP77
526 _aP76
526 _aP35
541 _g20081126230934D47324;
630 _aBiblia.
_pA.T.
_pDeuteronomio
_xComentarios.
942 _2ddc
_cBOOK
949 _a220.05 AOTC 5
_wDEWEY
_c1
_i59821
_lCCODEBUL1
_mBUL
_r0
_sY
_tBOOK
_u2015-6-25
_xTEOLOGIA
_PP35
_0COMPRA
_o.STAFF. Colección General
949 _a220.05 AOTC 5
_wDEWEY
_c2
_i59296
_lCCODEBUL1
_mBUL
_p44.00
_r0
_sY
_tBOOK
_u2015-6-25
_xTEOLOGIA
_PP35
_0COMPRA
_o.STAFF. Colección General
994 _aC0
_bPEPRU
596 _a1
999 _a220.05 AOTC 5
_wDEWEY
_c48084
_i59821
_d48084
_f2021-11-9
_g5
_lCCODEBUL1
_mBUL
_q1
_r0
_sY
_tBOOK
_u2015-6-25
_xTEOLOGIA
_PP35
_0COMPRA
_o.STAFF. Colección General
999 _a220.05 AOTC 5
_wDEWEY
_c2
_i59296
_f2021-11-9
_g5
_lCCODEBUL1
_mBUL
_p44.00
_r0
_sY
_tBOOK
_u2015-6-25
_xTEOLOGIA
_PP35
_0COMPRA
_o.STAFF. Colección General
980 _81
_gALBERTO SANCHEZ Responsable de Automatización